[Event "Kvika Reykjavik Open 2022"]
[Site "Reykjavik ISL"]
[Date "2022.04.08"]
[Round "4.75"]
[White "Jonsson, Johann"]
[Black "Mahajan, Rushaan"]
[Result "0-1"]
[BlackTitle "CM"]
[WhiteElo "1770"]
[BlackElo "2101"]
[WhiteFideId "2321688"]
[BlackFideId "30934222"]
[EventDate "2022.04.06"]

1. e4 c6 2. d4 d5 3. Nc3 dxe4 4. Nxe4 Nf6 5. Nxf6+ exf6 6. Nf3 Bd6 7. Be2 O-O 8.
O-O Re8 9. h3 Nd7 10. Bd3 Nf8 11. c3 Be6 12. Re1 Bc7 13. Be3 Qd6 14. c4 Ng6 15.
Qc2 Qd7 16. Bf1 Bf5 17. Qc3 Re7 18. Rad1 Qd6 19. d5 c5 20. Bd3 Bd7 21. Qc2 Rae8
22. Bf1 Nh4 23. Be2 Bf5 24. Qc3 Be4 25. Kf1 Nxg2 26. Bxc5 Qxc5 27. Kxg2 Ba5 28.
Qb3 Bxe1 29. Rxe1 Bxd5 30. cxd5 Rxe2 31. Rf1 b6 32. Qd3 g6 33. d6 R2e6 34. Rd1
Rd8 35. d7 Re7 0-1

[Event "Kvika Reykjavik Open 2022"]
[Site "Reykjavik ISL"]
[Date "2022.04.08"]
[Round "4.76"]
[White "Dougherty, Michael"]
[Black "Kristinsson, Magnus"]
[Result "1-0"]
[WhiteTitle "FM"]
[WhiteElo "2066"]
[BlackElo "1734"]
[WhiteFideId "2601559"]
[BlackFideId "2305682"]
[EventDate "2022.04.06"]

1. d4 Nf6 2. Nf3 g6 3. c4 Bg7 4. Nc3 d5 5. e3 c5 6. dxc5 Qc7 7. cxd5 Qxc5 8.
Bb5+ Bd7 9. Bxd7+ Nbxd7 10. O-O O-O 11. e4 Ng4 12. h3 Nge5 13. Nxe5 Nxe5 14. Be3
Qb4 15. Rb1 b6 16. f4 Nc4 17. Bd4 Nxb2 18. Bxg7 Kxg7 19. Rxb2 Qxb2 20. Qd4+ Kg8
21. e5 Rac8 22. Rf3 b5 23. Qd3 b4 24. Ne2 Rc2 25. Re3 Rd2 26. Qe4 Rd8 27. d6
Qxa2 28. dxe7 Re8 29. f5 Rxe7 30. Qa8+ Kg7 31. f6+ Kh6 32. fxe7 Rxe2 33. Rxe2
Qxe2 34. e8=Q Qe3+ 35. Kh2 Qf4+ 36. g3 Qd2+ 37. Qg2 Qc3 1-0

[Event "Kvika Reykjavik Open 2022"]
[Site "Reykjavik ISL"]
[Date "2022.04.08"]
[Round "4.77"]
[White "Galow, Michael"]
[Black "Cramling Bellon, Anna"]
[Result "0-1"]
[BlackTitle "WFM"]
[WhiteElo "1740"]
[BlackElo "2057"]
[WhiteFideId "16234596"]
[BlackFideId "32009232"]
[EventDate "2022.04.06"]

1. d4 d5 2. Bf4 c5 3. e3 Nc6 4. Nf3 Nf6 5. Nbd2 cxd4 6. exd4 Bf5 7. Bb5 e6 8.
Ne5 Rc8 9. Nxc6 bxc6 10. Ba6 Rb8 11. Bxb8 Qxb8 12. Nf3 Qxb2 13. O-O Bd6 14. Rb1
Qa3 15. Bb7 O-O 16. Qe2 h6 17. Qa6 Bxc2 18. Rbc1 Bd3 19. Qxa3 Bxa3 20. Rc3 Bxf1
21. Rxa3 Bb5 22. Rxa7 Rb8 23. Ne5 Ne4 24. f3 Nc3 25. Bxc6 Bxc6 26. Nxc6 Rb1+ 27.
Kf2 Rb2+ 28. Kg3 Ne2+ 29. Kg4 f5+ 30. Kh4 Nf4 31. Kg3 g5 32. Ne7+ Kf8 33. Ng6+
Nxg6 34. h3 Nf4 35. h4 Rxg2# 0-1

[Event "Kvika Reykjavik Open 2022"]
[Site "Reykjavik ISL"]
[Date "2022.04.08"]
[Round "4.79"]
[White "Grose, Kameron"]
[Black "Ritzka, Simon"]
[Result "0-1"]
[WhiteElo "1681"]
[BlackElo "2038"]
[WhiteFideId "474010"]
[BlackFideId "12925390"]
[EventDate "2022.04.06"]

1. e4 e6 2. d4 d5 3. exd5 exd5 4. Bd3 Bd6 5. Nf3 Bg4 6. O-O Ne7 7. Bg5 Nbc6 8.
c3 Qd7 9. Nbd2 O-O 10. Re1 Rfe8 11. Qc2 h6 12. Bh4 Nf5 13. Bg3 Nxg3 14. hxg3
Rxe1+ 15. Rxe1 Ne7 16. Ne5 Bxe5 17. Rxe5 c6 18. Nf1 Re8 19. Re1 Nc8 20. Rxe8+
Qxe8 21. Ne3 Be6 22. Qb3 Qe7 23. a4 Nd6 24. Qc2 b6 25. Nf5 Bxf5 26. Bxf5 c5 27.
a5 Qf6 28. axb6 axb6 29. Bh3 cxd4 30. cxd4 Qxd4 31. Qc7 Qc5 32. Qd8+ Kh7 33. Qe7
d4 34. Kh2 d3 35. b4 Qd5 36. Qe1 d2 37. Qd1 f5 38. g4 Qe5+ 39. g3 Qe1 40. Qf3
d1=Q 41. Qf4 Qg1# 0-1

[Event "Kvika Reykjavik Open 2022"]
[Site "Reykjavik ISL"]
[Date "2022.04.08"]
[Round "4.80"]
[White "Dietzsch, Herbert"]
[Black "Riedelsheimer, Julia"]
[Result "1-0"]
[WhiteElo "2027"]
[BlackElo "1663"]
[WhiteFideId "4608364"]
[BlackFideId "16212193"]
[EventDate "2022.04.06"]

1. e4 d6 2. d4 Nf6 3. Nc3 Nbd7 4. Be3 e5 5. f3 c6 6. d5 Qa5 7. a3 c5 8. Bd2 a6
9. Bc4 Qc7 10. a4 Rb8 11. a5 Be7 12. Nge2 O-O 13. O-O b5 14. axb6 Nxb6 15. Bxa6
Bxa6 16. Rxa6 Nc4 17. b3 Nxd2 18. Qxd2 c4 19. bxc4 Qxc4 20. Qd3 Qc5+ 21. Kh1
Rfc8 22. g3 Rb4 23. Rfa1 Rc4 24. Ra8 g6 25. Kg2 Kg7 26. Na4 Qb4 27. c3 Qb7 28.
Rxc8 Rxc8 29. Rb1 Qa7 30. Nb6 Rc7 31. Nc4 Qc5 32. Ne3 Nd7 33. c4 Bg5 34. f4 Bh6
35. h4 Kf8 36. Rb5 Qa7 37. Kf3 exf4 38. gxf4 g5 39. hxg5 Bxg5 40. Qd4 Bf6 41.
Qxa7 Rxa7 42. Nf5 Be7 43. Nxe7 Kxe7 44. Nd4 Ra3+ 45. Kg4 Nc5 46. Nf5+ Kd7 47.
Nxd6 1-0

[Event "Kvika Reykjavik Open 2022"]
[Site "Reykjavik ISL"]
[Date "2022.04.08"]
[Round "4.81"]
[White "Moerman, Thomas"]
[Black "Hreinsson, Johann Helgi"]
[Result "1-0"]
[WhiteElo "2022"]
[BlackElo "1406"]
[WhiteFideId "235644"]
[BlackFideId "2317540"]
[EventDate "2022.04.06"]

1. d4 Nf6 2. c4 e6 3. g3 Be7 4. Bg2 d5 5. Nf3 b6 6. cxd5 exd5 7. O-O O-O 8. Nc3
Bb7 9. Bf4 h6 10. Rc1 c5 11. dxc5 bxc5 12. Qc2 Nbd7 13. Rfd1 d4 14. Nb5 Nd5 15.
Nd6 Nxf4 16. Nxb7 Qb6 17. gxf4 Rab8 18. Qe4 Rfe8 19. Ne5 Nf6 20. Qf3 Qxb2 21.
Qb3 Qxe2 22. Bf3 Qa6 23. Qxf7+ Kh7 24. Nxc5 Bxc5 25. Rxc5 Rf8 26. Qg6+ Kg8 27.
Rc7 Ne8 28. Qxa6 1-0

[Event "Kvika Reykjavik Open 2022"]
[Site "Reykjavik ISL"]
[Date "2022.04.08"]
[Round "4.82"]
[White "Gardarsson, Hordur"]
[Black "Olesen, Poul Erik Norgaard"]
[Result "0-1"]
[WhiteElo "1517"]
[BlackElo "2010"]
[WhiteFideId "2303604"]
[BlackFideId "1404253"]
[EventDate "2022.04.06"]

1. e4 c5 2. d3 g6 3. Nc3 Bg7 4. g3 d6 5. Bg2 Nc6 6. Be3 Nf6 7. h3 Bd7 8. f4 Qa5
9. Ne2 h6 10. O-O O-O 11. g4 Bxg4 12. hxg4 Nxg4 13. Bd2 c4 14. Ng3 Qc5+ 15. Kh1
Nf2+ 16. Rxf2 Qxf2 17. Qe1 Qxe1+ 18. Rxe1 cxd3 19. cxd3 Rac8 20. e5 dxe5 21.
Bxc6 bxc6 22. fxe5 Rfd8 23. Re3 h5 24. b4 Rd4 25. Nce2 Rh4+ 26. Kg2 Rd8 27. d4
f5 28. Kf3 f4 29. Re4 g5 30. Nf5 Rh3+ 31. Kg2 Rd3 32. Bc1 e6 33. Nxg7 Kxg7 34.
Kf2 Rd1 35. Ba3 Rd2 36. b5 cxb5 37. Be7 Rc8 38. Bxg5 Rxa2 39. Bxf4 Rc4 40. Be3
Rcc2 41. Kf3 Rxe2 42. Bh6+ Kxh6 43. Rxe2 Rxe2 44. Kxe2 Kg6 0-1

[Event "Kvika Reykjavik Open 2022"]
[Site "Reykjavik ISL"]
[Date "2022.04.08"]
[Round "4.84"]
[White "Sandin, Albin"]
[Black "Jaivardhan, Raj"]
[Result "1/2-1/2"]
[BlackTitle "CM"]
[WhiteElo "1513"]
[BlackElo "2006"]
[WhiteFideId "1731092"]
[BlackFideId "25744437"]
[EventDate "2022.04.06"]

1. d4 Nf6 2. Nf3 e6 3. c4 Bb4+ 4. Bd2 a5 5. g3 b6 6. Bg2 Bb7 7. O-O O-O 8. Nc3
d6 9. a3 Bxc3 10. Bxc3 Be4 11. b4 axb4 12. axb4 Nbd7 13. Nd2 Bxg2 14. Kxg2 Qb8
15. e4 Qb7 16. Qc2 Nh5 17. d5 c6 18. dxe6 fxe6 19. Rxa8 Rxa8 20. Ra1 d5 21. cxd5
cxd5 22. Rxa8+ Qxa8 23. exd5 Qxd5+ 24. Qe4 Nhf6 25. Bxf6 Nxf6 26. Qxd5 exd5 27.
Nb3 Kf7 28. Nd4 g6 29. f4 Ke7 30. Kf3 Nd7 31. g4 Nb8 32. Ke3 Na6 33. Nc2 Kd6 34.
h3 Ke6 35. Kd4 Nc7 36. Ke3 Ke7 37. Kd3 Kd6 38. Kd4 Na6 39. Ke3 Ke6 40. Kd4 Nc7
41. Ke3 Na6 42. Kd4 Kd6 43. Ke3 1/2-1/2

[Event "Kvika Reykjavik Open 2022"]
[Site "Reykjavik ISL"]
[Date "2022.04.08"]
[Round "4.85"]
[White "Kjartansson, Matthias Bjorgvin"]
[Black "Filipovich, David"]
[Result "0-1"]
[WhiteElo "1504"]
[BlackElo "1975"]
[WhiteFideId "2319225"]
[BlackFideId "2600706"]
[EventDate "2022.04.06"]

1. d4 g6 2. c4 Bg7 3. Nc3 c5 4. Nf3 cxd4 5. Nxd4 Nc6 6. e3 Nf6 7. Be2 O-O 8. O-O
Nxd4 9. exd4 d5 10. b3 b6 11. Bf3 Bb7 12. Be3 Rc8 13. Qe2 Ba6 14. Nxd5 Nxd5 15.
Bg5 h6 16. Bh4 Nf4 17. Qe4 Qxd4 18. Qxe7 Qc5 19. Rae1 g5 20. Bg3 Rc7 21. Qxc5
bxc5 22. Bxf4 gxf4 23. Re4 Bb7 24. Rxf4 Bxf3 25. Rxf3 Re8 26. Rd1 Rd7 27. Rc1
Rd2 0-1

[Event "Kvika Reykjavik Open 2022"]
[Site "Reykjavik ISL"]
[Date "2022.04.08"]
[Round "4.86"]
[White "Banerjee, Aryan"]
[Black "Green, Per"]
[Result "0-1"]
[WhiteElo "1374"]
[BlackElo "1946"]
[WhiteFideId "1765035"]
[BlackFideId "1703811"]
[EventDate "2022.04.06"]

1. d4 Nf6 2. c4 e6 3. g3 d5 4. Bg2 dxc4 5. Nf3 c6 6. Ne5 Bb4+ 7. Bd2 Be7 8. e3
b5 9. Nxc6 Nxc6 10. Bxc6+ Bd7 11. Bxa8 Qxa8 12. Rf1 e5 13. dxe5 Ng4 14. e6 Bxe6
15. Nc3 Nxh2 16. Nxb5 Qb7 17. Qa4 Bd7 18. Nd6+ Bxd6 19. Qxc4 Nxf1 20. Qxf1 Qxb2
21. Rd1 Bb4 22. Qd3 Bxd2+ 23. Rxd2 Qc1+ 24. Rd1 Qc6 25. f3 a6 26. g4 Qe6 27. g5
h6 28. g6 fxg6 29. Qd6 Qxe3+ 30. Kf1 0-1

[Event "Kvika Reykjavik Open 2022"]
[Site "Reykjavik ISL"]
[Date "2022.04.08"]
[Round "4.88"]
[White "Patel, Zain"]
[Black "Thorhallsson, Simon"]
[Result "0-1"]
[BlackTitle "FM"]
[WhiteElo "1557"]
[BlackElo "2252"]
[WhiteFideId "469246"]
[BlackFideId "2310090"]
[EventDate "2022.04.06"]

1. d4 Nf6 2. Nf3 d5 3. c4 e6 4. Nc3 c5 5. cxd5 Nxd5 6. e4 Nxc3 7. bxc3 cxd4 8.
cxd4 Bb4+ 9. Bd2 Bxd2+ 10. Qxd2 O-O 11. Be2 b6 12. O-O Bb7 13. e5 Nc6 14. Rfd1
Ne7 15. Rac1 Rc8 16. Rxc8 Qxc8 17. Rc1 Qd7 18. Qb4 Nd5 19. Qb5 Qxb5 20. Bxb5 Rc8
21. Rxc8+ Bxc8 22. a3 Bb7 23. Nd2 Nc3 24. Bd3 Bd5 25. f3 b5 26. Ne4 Nxe4 27.
fxe4 Bc6 28. d5 exd5 29. exd5 Bxd5 30. Bxb5 Kf8 31. Kf2 Ke7 32. Ke3 Bxg2 33. Kd4
Bb7 34. h4 h6 35. Bc4 Bc8 36. Ke4 Be6 37. Bb5 Kd8 38. Bc6 Kc7 39. Be8 Kb6 40. h5
Kc5 41. Kf4 Kd4 42. a4 a5 43. Bc6 g5+ 44. hxg6 fxg6 45. Be8 g5+ 46. Kg3 Kxe5 47.
Kf3 Kf5 48. Kg3 Kf6 49. Bh5 Bf7 50. Bd1 h5 51. Kh3 Kf5 52. Kg3 Ke4 53. Be2 Ke3
54. Bd1 Be8 55. Kh3 Kf4 56. Kh2 h4 57. Kh3 Bd7+ 58. Kh2 g4 59. Kg2 h3+ 60. Kg1
g3 0-1

[Event "Kvika Reykjavik Open 2022"]
[Site "Reykjavik ISL"]
[Date "2022.04.08"]
[Round "4.89"]
[White "Seshadri, Sridhar"]
[Black "Chapman, Terry P D"]
[Result "1/2-1/2"]
[BlackTitle "FM"]
[WhiteElo "1542"]
[BlackElo "2240"]
[WhiteFideId "30913942"]
[BlackFideId "413399"]
[EventDate "2022.04.06"]

1. c4 g6 2. g3 Bg7 3. Nc3 d6 4. Bg2 c5 5. e4 Nc6 6. Nge2 e6 7. d3 Nge7 8. a3 O-O
9. O-O Qd7 10. Be3 Nd4 11. Bxd4 cxd4 12. Nb1 a5 13. a4 Nc6 14. Na3 b6 15. Nb5
Bb7 16. f4 f5 17. exf5 gxf5 18. Nc1 Kh8 19. Nb3 Rab8 20. Bf3 e5 21. Bd5 Nb4 22.
Bxb7 Rxb7 23. Qf3 Rbb8 24. Rf2 Rbe8 25. Re1 Re7 26. Qd1 Bf6 27. Nc1 Rg7 28. Qf3
exf4 29. Qxf4 Be5 30. Rxe5 dxe5 31. Qxe5 Nc6 32. Qf4 Re7 33. Ne2 Ne5 34. Qh6 Qd8
35. Nf4 Ng4 36. Ng6+ Kg8 37. Nxe7+ Qxe7 38. Qf4 Qe1+ 39. Kg2 Qxf2+ 40. Qxf2 Nxf2
41. Kxf2 1/2-1/2

[Event "Kvika Reykjavik Open 2022"]
[Site "Reykjavik ISL"]
[Date "2022.04.08"]
[Round "4.90"]
[White "Bryant, Harry"]
[Black "Ptacnikova, Lenka"]
[Result "0-1"]
[BlackTitle "WGM"]
[WhiteElo "1425"]
[BlackElo "2186"]
[WhiteFideId "489158"]
[BlackFideId "305650"]
[EventDate "2022.04.06"]

1. e4 c5 2. Nf3 e6 3. d4 cxd4 4. Nxd4 Nc6 5. Nc3 Qc7 6. Be3 a6 7. Qf3 Nf6 8. Qg3
Qxg3 9. hxg3 Ng4 10. Nxc6 Nxe3 11. Nd4 Nxf1 12. Rxf1 b5 13. O-O-O Bb7 14. Rde1
Bb4 15. Nde2 O-O 16. a3 Be7 17. b4 Rfc8 18. f4 Rc7 19. Rf2 Rac8 20. Kb2 d5 21.
exd5 exd5 22. Kb1 Bf6 23. Nd1 Rxc2 24. g4 h6 25. Ng3 Rc1+ 26. Ka2 Bh4 27. Rf3 d4
28. Rd3 Bd5+ 29. Rb3 R8c2+ 30. Nb2 Rxe1 0-1

[Event "Kvika Reykjavik Open 2022"]
[Site "Reykjavik ISL"]
[Date "2022.04.08"]
[Round "4.91"]
[White "Omarsson, Josef"]
[Black "Solnicki, Michal"]
[Result "0-1"]
[WhiteElo "1352"]
[BlackElo "2182"]
[WhiteFideId "2316102"]
[BlackFideId "1136348"]
[EventDate "2022.04.06"]

1. d4 Nf6 2. Bf4 g6 3. e3 Bg7 4. Nf3 O-O 5. Be2 d6 6. O-O Nbd7 7. c4 c6 8. Nc3
Qc7 9. c5 Nh5 10. cxd6 exd6 11. Bg5 h6 12. Bh4 Bf6 13. Bxf6 Ndxf6 14. Nd2 d5 15.
Rc1 Ng7 16. Bf3 Rd8 17. Qb3 Ne6 18. Ndb1 Qd6 19. Na4 b6 20. Qc3 Bd7 21. b4 Rdb8
22. Nd2 a5 23. bxa5 Rxa5 24. Qc2 b5 25. Nc3 Rba8 26. Nb3 Ra3 27. Ra1 Be8 28. Nb1
R3a6 29. N1d2 Ng5 30. Nc5 R6a7 31. Be2 Nd7 32. Ndb3 Nb6 33. h3 Re7 34. Bd3 f5
35. Rfe1 Bf7 36. Rac1 Rea7 37. Ra1 Ne4 38. Nxe4 dxe4 39. Be2 Nd5 40. Rec1 Nb4
41. Qd1 Nxa2 42. Rc5 Ra3 43. Nd2 Nc3 44. Rxa3 Rxa3 45. Qe1 Nxe2+ 46. Qxe2 Ra1+
47. Nf1 Bc4 48. Rxc4 bxc4 49. Qxc4+ Qd5 50. Qc3 Rb1 51. Qa3 Qb5 52. Qd6 Rxf1+
53. Kh2 Qd5 54. Qxg6+ Kf8 55. Qxh6+ Ke7 56. Qg7+ Qf7 57. Qe5+ Kd7 58. Qa5 Qd5
59. Qa7+ Ke6 60. Qh7 Qd6+ 61. g3 Rxf2+ 62. Kh1 Qxg3 63. Qh6+ Kd5 0-1

[Event "Kvika Reykjavik Open 2022"]
[Site "Reykjavik ISL"]
[Date "2022.04.08"]
[Round "4.92"]
[White "Hoskuldsson, Sigurdur Heidar"]
[Black "Wichtrup, Jan-Louis"]
[Result "0-1"]
[WhiteElo "1321"]
[BlackElo "2166"]
[WhiteFideId "2319675"]
[BlackFideId "16229355"]
[EventDate "2022.04.06"]

1. e4 g6 2. Nf3 Bg7 3. d4 d6 4. Bc4 Nf6 5. Nc3 O-O 6. h3 Nc6 7. a3 Nxe4 8. Bxf7+
Rxf7 9. Nxe4 d5 10. Ng3 e5 11. Be3 e4 12. Ng5 Rf8 13. Qd2 h6 14. h4 hxg5 15.
Bxg5 Qe8 16. O-O-O Bg4 17. Rde1 Qf7 18. Be3 b6 19. Ref1 Na5 20. b3 c5 21. f3
exf3 22. gxf3 Bxf3 23. Rhg1 cxd4 24. Bxd4 Rac8 25. Kb1 Qf4 26. Qxf4 Rxf4 27.
Bxg7 Kxg7 28. Nh5+ Bxh5 29. Rxf4 Nc6 30. Rf5 Kh6 31. Rxd5 Bf3 32. Rd6 Be4 33.
Rd2 Bf5 34. Kb2 Ne5 35. Rf1 Kh5 36. Rf4 Rxc2+ 37. Rxc2 Nd3+ 38. Kc3 Nxf4 39. Rd2
Kxh4 40. Kb4 Be6 41. Ka4 Nd5 42. Kb5 a5 43. Rd4+ Kg5 44. b4 axb4 45. axb4 Kf5
46. Kc6 Ke5 47. Rd1 Nxb4+ 48. Kxb6 Bd5 49. Kc5 Na6+ 50. Kb6 Nb8 51. Kc5 Nd7+ 52.
Kb5 g5 53. Re1+ Be4 54. Rg1 Kf4 55. Rd1 Ne5 56. Rf1+ Nf3 57. Rc1 g4 58. Rc8 g3
59. Rf8+ Ke3 60. Rg8 g2 61. Rxg2 Nd4+ 62. Kc4 Bxg2 63. Kc5 Ke4 64. Kd6 Bf1 65.
Kc5 Ke5 66. Kb4 Kd5 67. Kc3 Nc6 68. Kd2 Kd4 69. Kc2 Bd3+ 70. Kd2 Ne5 71. Ke1 Ke3
72. Kd1 Be4 73. Kc1 Nc4 74. Kd1 Bf5 75. Ke1 Bg4 76. Kf1 Nd2+ 77. Kg2 Ne4 78. Kf1
Ng3+ 79. Ke1 Ne2 80. Kd1 Bf5 81. Ke1 Bc2 82. Kf1 Nf4 83. Ke1 Ng2+ 84. Kf1 Kf3
85. Kg1 Kg3 86. Kf1 Bd3+ 87. Kg1 Be2 88. Kh1 Nf4 89. Kg1 Nh3+ 90. Kh1 Bf3# 0-1

[Event "Kvika Reykjavik Open 2022"]
[Site "Reykjavik ISL"]
[Date "2022.04.08"]
[Round "4.93"]
[White "Held, Thomas"]
[Black "Helgadottir, Idunn"]
[Result "1/2-1/2"]
[WhiteElo "2054"]
[BlackElo "1540"]
[WhiteFideId "1308335"]
[BlackFideId "2314118"]
[EventDate "2022.04.06"]

1. e4 c5 2. Nf3 e6 3. g3 Nc6 4. Bg2 Nf6 5. Qe2 Be7 6. O-O d5 7. e5 Nd7 8. d3 O-O
9. c4 d4 10. h4 h6 11. Re1 Qc7 12. Bf4 b6 13. Nbd2 Bb7 14. Nh2 Rfd8 15. a3 Nf8
16. h5 Nh7 17. Qg4 Ng5 18. Nhf3 Rd7 19. Nh4 Re8 20. Bxg5 Bxg5 21. f4 Bxh4 22.
Qxh4 Ne7 23. g4 Bxg2 24. Kxg2 Qc6+ 25. Ne4 f5 26. exf6 Nf5 27. Qf2 Ne3+ 28. Kh3
Rf8 29. g5 e5 30. f5 hxg5 31. Rxe3 dxe3 32. Qxe3 gxf6 33. Kg4 Rfd8 34. Rd1 Rd4
35. Rd2 Kg7 36. Kf3 Qd7 37. h6+ Kxh6 38. Rh2+ Kg7 39. Rh7+ Kxh7 40. Nxf6+ Kh6
41. Nxd7 R8xd7 42. Qxe5 1/2-1/2

[Event "Kvika Reykjavik Open 2022"]
[Site "Reykjavik ISL"]
[Date "2022.04.08"]
[Round "4.94"]
[White "Palsson, Oli"]
[Black "Magnusson, Magnus"]
[Result "1/2-1/2"]
[WhiteElo "1295"]
[BlackElo "2014"]
[WhiteFideId "2320142"]
[BlackFideId "2302128"]
[EventDate "2022.04.06"]

1. e4 e5 2. Nf3 Nc6 3. Bc4 Nf6 4. O-O Bc5 5. c3 d6 6. d4 exd4 7. cxd4 Bb6 8. h3
h6 9. Nc3 g5 10. d5 Ne5 11. Bb5+ Bd7 12. Bxd7+ Qxd7 13. Be3 Ng6 14. Bxb6 axb6
15. Rc1 Nf4 16. Nd4 O-O 17. Qf3 N6h5 18. Nf5 Ng7 19. Nxh6+ Kh7 20. Ng4 f5 21.
exf5 Nxf5 22. Rfd1 Rae8 23. Ne4 Kg6 1/2-1/2

[Event "Kvika Reykjavik Open 2022"]
[Site "Reykjavik ISL"]
[Date "2022.04.08"]
[Round "4.95"]
[White "Thorsteinsdottir, Hallgerdur"]
[Black "Gasanova, Ulker"]
[Result "1-0"]
[WhiteTitle "WFM"]
[WhiteElo "1981"]
[BlackElo "1479"]
[WhiteFideId "2302454"]
[BlackFideId "2302055"]
[EventDate "2022.04.06"]

1. e4 e6 2. d4 c5 3. c3 Nf6 4. Bd3 cxd4 5. cxd4 Nc6 6. Ne2 Qb6 7. Bc2 Bb4+ 8.
Nbc3 O-O 9. O-O Bxc3 10. bxc3 d6 11. Bg5 Nd7 12. Qd3 f5 13. exf5 exf5 14. Qg3
Nf6 15. Qxd6 Qd8 16. Qf4 Qe8 17. Ng3 Nh5 18. Nxh5 Qxh5 19. d5 Ne5 20. d6 Ng6 21.
Qd2 Bd7 22. Bd1 1-0

[Event "Kvika Reykjavik Open 2022"]
[Site "Reykjavik ISL"]
[Date "2022.04.08"]
[Round "4.96"]
[White "Arvidsson, Jonas"]
[Black "Kewalramani, Abhir"]
[Result "1-0"]
[WhiteElo "1942"]
[BlackElo "1474"]
[WhiteFideId "1717839"]
[BlackFideId "366196828"]
[EventDate "2022.04.06"]

1. e4 c6 2. d4 d5 3. e5 c5 4. Nf3 Nc6 5. dxc5 Bg4 6. Bb5 e6 7. b4 a5 8. c3 Qc7
9. Bxc6+ bxc6 10. Qe2 Bxf3 11. gxf3 Ne7 12. f4 g6 13. Nd2 a4 14. Nf3 Bg7 15. Nd4
O-O 16. a3 Nf5 17. Bd2 Rfe8 18. O-O f6 19. Rfe1 fxe5 20. fxe5 Bh6 21. Bxh6 Nxh6
22. Kh1 Re7 23. Qe3 Ng4 24. Qg3 Nh6 25. Qh4 Nf7 26. f4 Rf8 27. Re3 Nd8 28. Rg1
Ref7 29. Rh3 Rxf4 30. Rxg6+ Kh8 31. Qh5 Qf7 32. Rg1 Rf1 33. Qxf7 R8xf7 34. Rg3
Rxg1+ 35. Kxg1 Rg7 36. Rxg7 Kxg7 37. b5 cxb5 38. c6 Nxc6 39. Nxc6 Kg6 40. Kf2
Kf5 41. Kf3 h5 42. h4 b4 43. cxb4 d4 44. b5 d3 45. Ke3 d2 46. Kxd2 Kg4 47. b6
Kxh4 48. b7 Kg3 49. b8=Q h4 50. Qg8+ Kf2 51. Qg4 h3 52. Qxh3 Kg1 53. Qg4+ Kh1
54. Ke2 1-0

[Event "Kvika Reykjavik Open 2022"]
[Site "Reykjavik ISL"]
[Date "2022.04.08"]
[Round "4.97"]
[White "Johannsson, Markus Orri"]
[Black "Hartmann, Wolfgang"]
[Result "0-1"]
[WhiteElo "1288"]
[BlackElo "1927"]
[WhiteFideId "2318539"]
[BlackFideId "12977373"]
[EventDate "2022.04.06"]

1. e4 c6 2. d4 d5 3. Nc3 dxe4 4. Nxe4 Nf6 5. Nxf6+ exf6 6. Nf3 Bd6 7. Bd3 O-O 8.
O-O Bg4 9. c3 Nd7 10. h3 Bh5 11. g4 Bg6 12. Bxg6 hxg6 13. Qc2 Qc7 14. Be3 Rfe8
15. Rfe1 Nf8 16. Re2 Qd7 17. Rae1 f5 18. gxf5 Qxf5 19. Qxf5 gxf5 20. Nh4 g6 21.
Ng2 f6 22. Bf4 Rxe2 23. Rxe2 Bxf4 24. Nxf4 Kf7 25. Kg2 g5 26. Nd3 Ng6 27. f4 c5
28. dxc5 Rd8 29. Re3 Rxd3 30. Rxd3 Nxf4+ 0-1

[Event "Kvika Reykjavik Open 2022"]
[Site "Reykjavik ISL"]
[Date "2022.04.08"]
[Round "4.98"]
[White "Koes, Richard"]
[Black "Marzik, Arne"]
[Result "0-1"]
[WhiteElo "1807"]
[BlackElo "1446"]
[WhiteFideId "1020528"]
[BlackFideId "16254678"]
[EventDate "2022.04.06"]

1. e4 e6 2. d4 d5 3. Nd2 c5 4. Ne2 Nc6 5. c3 dxe4 6. Nxe4 cxd4 7. Nxd4 Nxd4 8.
cxd4 Bd7 9. Bd3 Nf6 10. O-O Be7 11. Be3 O-O 12. Rc1 Bc6 13. Ng5 Qd5 14. f3 Qxa2
15. Qc2 g6 16. Bc4 Qa5 17. Qf2 Nh5 18. Ne4 Bxe4 19. fxe4 Bg5 20. h4 Bxe3 21.
Qxe3 Qd8 22. g4 Nf6 23. Be2 Kh8 24. Rf2 Nd7 25. e5 Nb6 26. Rcf1 Qe7 27. Qh6 Nd5
28. Bc4 Rad8 29. Bd3 Kg8 30. h5 Qh4 31. Rg2 Qh3 32. Be2 Ne3 33. Rh2 Qg3+ 34. Kh1
Nxf1 35. Bxf1 Qf3+ 36. Kg1 Rxd4 37. hxg6 Qxg4+ 38. Bg2 Rd1+ 39. Kf2 fxg6+ 0-1

[Event "Kvika Reykjavik Open 2022"]
[Site "Reykjavik ISL"]
[Date "2022.04.08"]
[Round "4.99"]
[White "Acevedo Mendez, Lisseth"]
[Black "Thorsteinsson, Thorsteinn Jakob F"]
[Result "0-1"]
[WhiteTitle "WIM"]
[WhiteElo "1801"]
[BlackElo "1394"]
[WhiteFideId "6502938"]
[BlackFideId "2317940"]
[EventDate "2022.04.06"]

1. e4 c6 2. d4 d5 3. exd5 cxd5 4. Bd3 Nc6 5. c3 Nf6 6. h3 Qc7 7. Nf3 e6 8. O-O
Bd6 9. Nbd2 O-O 10. Re1 b6 11. Nf1 h6 12. Bd2 a5 13. Rc1 Ba6 14. Bxa6 Rxa6 15.
c4 dxc4 16. Qa4 Qb7 17. Qxc4 Ne7 18. Qb5 Raa8 19. Ne3 Qd7 20. Qd3 b5 21. Rc2
Rfc8 22. Rec1 a4 23. Qe2 Rxc2 24. Rxc2 Rc8 25. Rxc8+ Nxc8 26. Ne5 Bxe5 27. dxe5
Nd5 28. Ng4 Nce7 29. Qd3 Qc6 30. Nh2 Ng6 31. Nf3 Qc4 32. Qa3 Qe4 33. Qd6 Qb1+
34. Kh2 Qxb2 35. a3 Kh7 36. g3 Qb3 37. Kg2 Qc4 38. h4 Qg4 39. Qc6 Ngf4+ 40. Bxf4
Nxf4+ 41. Kf1 Nd5 42. Kg2 Qc4 43. Qb7 Kg6 44. h5+ Kxh5 45. Qxf7+ g6 46. Kh2 Qc2
47. Nh4 Ne3 48. Qf3+ Ng4+ 49. Kh3 Qe4 50. Kg2 Qxf3+ 51. Nxf3 b4 52. axb4 a3 53.
Nd4 Nxe5 54. b5 Nd7 55. Kf3 Nc5 56. b6 e5 57. Nc2 a2 58. Na1 Kg5 59. Kg2 Kf6 60.
Nb3 Ke7 61. Na1 Kd6 0-1

[Event "Kvika Reykjavik Open 2022"]
[Site "Reykjavik ISL"]
[Date "2022.04.08"]
[Round "4.100"]
[White "Brynjarsson, Orvar Holm"]
[Black "Omarsson, Adam"]
[Result "0-1"]
[WhiteElo "1211"]
[BlackElo "1740"]
[WhiteFideId "2321726"]
[BlackFideId "2311453"]
[EventDate "2022.04.06"]

1. d4 g6 2. c4 Nf6 3. Nc3 Bg7 4. Nf3 O-O 5. Bg5 h6 6. Bxf6 Bxf6 7. e3 c5 8. Ne4
Bg7 9. Nxc5 b6 10. Ne4 Bb7 11. Bd3 Nc6 12. Qc2 Nb4 13. Qc3 Nxd3+ 14. Qxd3 Rc8
15. Ned2 d6 16. e4 a6 17. O-O Qd7 18. a4 Rfd8 19. b3 f5 20. Rfe1 f4 21. Nh4 Qg4
22. Nhf3 e5 23. d5 Qd7 24. Nh4 Bf6 25. Ndf3 Rc7 26. h3 Kh7 27. Kh2 Bc8 28. Qf1
g5 29. Nf5 Qf7 30. g4 Bxf5 31. gxf5 Rg8 32. Qg2 h5 33. Rg1 g4 34. Nd2 f3 35. Qf1
Bg5 36. Ra2 Qf6 37. Qe1 Bf4+ 38. Rg3 h4 39. Nf1 gxh3 40. Kxh3 hxg3 0-1